E K Purush E K Nair / (Record no. 2934)
[ view plain ]
| 000 -LEADER | |
|---|---|
| fixed length control field | 00456cam a2200193ua 4500 |
| 041 ## - LANGUAGE CODE | |
| Language code of text/sound track or separate title | eng |
| 082 ## - DEWEY DECIMAL CLASSIFICATION NUMBER | |
| Classification number | 891.43 |
| Item number | RAJ/EK |
| 100 ## - MAIN ENTRY--AUTHOR NAME | |
| Personal name | Rajendra , Yadav . |
| 245 ## - TITLE STATEMENT | |
| Title | E K Purush E K Nair / |
| 250 ## - EDITION STATEMENT | |
| Edition statement | 1 / |
| 260 ## - PUBLICATION, DISTRIBUTION, ETC. (IMPRINT) | |
| Place of publication | : |
| Name of publisher | Hind Pocket books Pvt Ltd , |
| Year of publication | 1979. |
| 300 ## - PHYSICAL DESCRIPTION | |
| Number of Pages | 136 ; . |
| 700 1# - ADDED ENTRY--PERSONAL NAME | |
| Personal name | Manu , Bandari . |
| 942 ## - ADDED ENTRY ELEMENTS (KOHA) | |
| Koha item type | Books |
| Withdrawn status | Lost status | Damaged status | Home library | Current library | Date acquired | Full call number | Accession Number | Koha item type |
|---|---|---|---|---|---|---|---|---|
| Withdrawn | KAUAET | Sanskrit University | 07/04/2012 | 891.43 | 1899 | Books |
